Los delitos en el turismo

Saved in:
Bibliografiske detaljer
Hovedforfatter: López Rodríguez, José Alberto (autor)
Format: Bog
Sprog:spansk
Udgivet: Ciudad de México Trillas 2008
Udgivelse:1a. ed
Serier:Trillas Turismo
Fag:
Tags: Tilføj Tag
Ingen Tags, Vær først til at tagge denne postø!

MARC

LEADER 00000nam a2200000 a 4500
001 UCG0804
003 CL-VaPUC
008 100408e20080000MX |||||||||||||||||spa|d
020 |a 9789682483158 
082 0 4 |a 364.15  |b LOP  |2 21 
100 |a López Rodríguez, José Alberto  |e autor  |9 548381 
245 1 4 |a Los delitos en el turismo 
250 |a 1a. ed 
300 |a 168 p 
942 |c BK 
945 |d 20100408 00:00:00  |a rbrito 
260 |a Ciudad de México  |b Trillas  |c 2008 
650 0 |a Turismo  |9 308920 
650 0 |a Industria turística  |9 347913 
650 7 |a DERECHO PENAL  |2 CL-VaPUC  |9 11 
650 7 |a DELITO DE APROPIACION INDEBIDA  |2 CL-VaPUC  |9 548382 
650 7 |a DELITO DE ESTAFA  |2 CL-VaPUC  |9 548383 
650 7 |a DELITO ECONOMICO  |2 CL-VaPUC  |9 342973 
583 |a last modification  |c 20130620 05:00:22  |k Rodrigo Vera 
490 0 |a Trillas Turismo 
999 |c 340327  |d 340325 
952 |0 0  |1 0  |4 0  |6 364_150000000000000_LOP_2008  |7 0  |8 A  |9 434936  |a BIBING  |b BIBING  |d 2019-11-22  |i 4657918  |o 364.15 LOP 2008  |p 4657918  |r 2025-01-20  |w 2019-11-22  |y BK  |k GEO